| 000 | 00479 a2200181 4500 | ||
|---|---|---|---|
| 005 | 20260428141336.0 | ||
| 008 | 260428b |||||||| |||| 00| 0 eng d | ||
| 020 |
_a9789360801267 _cRs. 595.00 |
||
| 040 | _aMAIN | ||
| 082 |
_a954.01 _bI9L |
||
| 100 | _aIyengar, P T Srinivas | ||
| 245 | _aLife in ancient India in the age of the mantras | ||
| 260 |
_bManohar Publishers _c2026 _aNew Delhi |
||
| 300 | _ax,138 | ||
| 650 | _aHistory | ||
| 650 | _aAncient India | ||
| 942 | _cBK | ||
| 999 |
_c394873 _d394873 |
||